| 000 | 00576nam a22001457a 4500 | ||
|---|---|---|---|
| 008 | 140822b xxu||||| |||| 00| 0 eng d | ||
| 020 | _a0406092559 | ||
| 050 |
_aKD277.7 _bL3938 |
||
| 245 |
_aThe Law reports: _bOf the Incorporated council of law reporting. Queen's Bench Division and on appeal therefrom in the Court of appeal, decision of the Railway and canal commision./ _cEdited by Stone A.P . |
||
| 260 |
_aLondon: _bButterworth & co Ltd., _c1892. |
||
| 300 |
_aXiv, 750p.: _c24cm. |
||
| 440 |
_pQueen's Bench Division. _vVol. 2 |
||
| 800 | _aStone, A. P | ||
| 942 |
_2lcc _cBK |
||
| 999 |
_c3682 _d11182 |
||